000 00536nam a2200145Ia 4500
008 140724s9999 xx 000 0 und d
050 _aRC 65
_b.G943 2008
100 _aGuiang, Reynaldo Jr R.
245 2 _aA patient-information handover tool for the nursing students of Southville International School and Colleges /
_cReynaldo R. Guiang Jr.
260 _aLas PiƱas, Philippines :
_bSouthville International School and Colleges,
_cc2008.
300 _a81 p. :
_bill. ;
_c28 cm.
521 _aNursing
942 _cTH
999 _c228952
_d228952